| 000 | 01399nam a2200277Ia 4500 | ||
|---|---|---|---|
| 003 | Ost | ||
| 005 | 20260507075215.0 | ||
| 008 | 260507s9999||||xx |||||||||||||| ||und|| | ||
| 020 | _a93763299579 | ||
| 040 | _cfsecg | ||
| 041 | _aara | ||
| 082 | _a330 | ||
| 100 |
_aالنجار، فايز جمعه _eمؤلف |
||
| 245 | 0 |
_aأساليب البحث العلمي : _bمنظور تطبيقي / _c فايز جمعه النجار |
|
| 250 | _aطبعة 2 | ||
| 260 |
_aعمان: _bدار الحامد, _c2009 |
||
| 300 |
_a333 صفحة؛ _bإيضاحات ؛ _c24 سم |
||
| 504 | _aمراجع ص.299 ؛ ملاحق ص.305 | ||
| 520 | _aمفهوم البحث العلمي وطرق الوصول الى المعرفة مع تناول صياغة تصميم البحث وانواعه وكذا طرق و ادوات جمع البيانات و اختيار العينة وانواعها و شروط استعمالها مع التطرق الىالمتغيرات والمقاييس وكذلك مفاهيم احصائية وكذا تحليل البيانات واختبار الفرضيات وعرضها مع تبيان اهمية التوثيق في البحث العلمي | ||
| 653 | _aأساليب البحث | ||
| 653 | _aالبحث العلمي | ||
| 653 | _aالبحوث | ||
| 653 | _aطرق البحث | ||
| 700 |
_aالنجار، نبيل جمعه _eمؤلف ثانوي |
||
| 942 | _cكتاب | ||
| 999 |
_c43492 _d43492 |
||